Sistema de control de inventario automatizado de materia prima para Laboratorios Solka, S.A.

Presenta el diseño y desarrollo del sistema automatizado, que facilita el control de las materias primas y generación de reportes, de igual manera se plantea las herramientas (software, hardware) que se utilizaron para la realización del proyecto.

Bibliographic Details
Main Author: González Müller, Luis Aurelio
Other Authors: Tutor: Prado Delgadillo, Jorge Jesús
Format: Tesis Section = Libro
Language:Undetermined
Spanish
Published: Managua UNI 2017
Subjects:
LEADER 01174nam a2200265Ia 4500
008 240830s9999 xx 000 0 und d
040 |a BIBLIOTECA-RUSB/ Mon 005.74 G643 
041 |a spa 
082 |a Mon 005.74 G643 
100 1 |a González Müller, Luis Aurelio 
245 1 0 |a Sistema de control de inventario automatizado de materia prima para Laboratorios Solka, S.A. 
260 |a Managua  |b UNI  |c 2017 
300 |a 127 p. :il. 
500 |a Contiene: anexos e Incluye: CD. 
502 |a Tesis (Ingeniero en Computación) - UNI, 2017. 
520 3 |a Presenta el diseño y desarrollo del sistema automatizado, que facilita el control de las materias primas y generación de reportes, de igual manera se plantea las herramientas (software, hardware) que se utilizaron para la realización del proyecto. 
650 7 |a UML- LENGUAJE DE PROGRAMACION DE COMPUTADORAS 
650 7 |b  CONTROL DE INVENTARIO-AUTOMATIZACION 
650 7 |c  SISTEMAS DE ALMACENAMIENTO Y RECUPERACION DE LA INFORMACION 
650 7 |d  BASES DE DATOS 
650 7 |e  PRODUCTOS FARMACEUTICOS 
700 1 |a Tutor:  |b Prado Delgadillo, Jorge Jesús 
942 |c BK  |2 ddc 
991 |a TESIS 
999 |c 19788